• 首页
  • 本馆介绍
  • 公告通知
  • 最新文献
  • 馆藏检索
  • 电子资源
  • 读者导购
  • 参考咨询
  • 我的图书馆
  • 登录
  • 详细信息显示
  • 放入我的书架
  • 预约/预借图书
  • 作者相关作品
  • 分类相关作品
  • 丛书相关作品
  • 出版社相关作品

书目信息

  • 表格格式
  • 工作单格式
  • 卡片格式
题名:
纪检监察办案程序一本通
    
 
作者: 高建 著
分册:  
出版信息: 北京   法律出版社  2023
页数: 478页
开本: 21cm
丛书名:
单 册:
中图分类: D262.6 , D630.9
科图分类:
主题词: 行政--监察--案件--处理--中国
电子资源:
ISBN: 978-7-5197-7829-3
000 00923nam0 2200265 450
001 012024000179
005 20240924225024.0
010    @a978-7-5197-7829-3@dCNY76.00
100    @a20240924d2023 em y0chiy50 ea
101 0  @achi
102    @aCN@b110000
105    @ay z 000yy
106    @ar
200 1  @a纪检监察办案程序一本通@Aji jian jian cha ban an cheng xu yi ben tong@f高建[等]著
210    @a北京@c法律出版社@d2023
215    @a478页@d21cm
304    @a著者还有:黄雀艳、郭旭峰、罗文
330    @a本书包含问题线索管理、问题线索处置、审查调查、案件审理、处分执行、后半篇文章等六大环节,总结归纳了纪检监察机关处置问题线索时,从“入口”到“出口”的80余个程序问题。
601 02 @a中国共产党@x纪律检查@x案件@x处理
606 0  @a行政@x监察@x案件@x处理@y中国
690    @aD262.6@v5
690    @aD630.9@v5
701  0 @a高建@Agao jian@4著
801  0 @aCN@bAHXH@c20240924
905    @b214137165@dD262.6@e2070@f1
    
    纪检监察办案程序一本通/高建[等]著.-北京:法律出版社,2023
    478页;21cm
    
    
    ISBN 978-7-5197-7829-3:CNY76.00
    本书包含问题线索管理、问题线索处置、审查调查、案件审理、处分执行、后半篇文章等六大环节,总结归纳了纪检监察机关处置问题线索时,从“入口”到“出口”的80余个程序问题。
●
相关链接 在E读中查询图书 在五车中查询图书 在当当中查询图书 在豆瓣中查询图书


正题名:纪检监察办案程序一本通     索取号:D262.6/2070         预约/预借

序号 登录号 条形码 馆藏地/架位号 状态 备注
1 1413716   214137165   第一样本阅览室/ [索取号:D262.6/2070] 在馆    
唐山师范学院图书馆 欢迎您!
大连网信软件有限公司© 版权所有